| 000 | 00846nas a2200277 4500 | ||
|---|---|---|---|
| 001 | BR8007729 | ||
| 003 | BR-BrBNA | ||
| 005 | 20231205084445.0 | ||
| 007 | ta | ||
| 008 | 230509b bl.|||p| |||| 00| 00por d | ||
| 040 |
_aBR-BrBNA _bpor _cBiblioteca Nacional de Agricultura |
||
| 041 | _a(Pt) | ||
| 072 | _aF03 | ||
| 100 | 1 | _aBorges, E.E. de L. e | |
| 100 | 1 | _aBorges, R. de C.G. | |
| 100 | 1 | _aTeles, F.F.F. | |
| 245 | 1 | _aAvaliacao da maturacao e dormencia de sementes de orelha de negro [timbauva, Enterolobium contortisiliquum] | |
| 650 | _aTIMBAUVA | ||
| 650 | _aSEMENTE | ||
| 650 | _aGERMINACAO | ||
| 650 | _aTEOR DE UMIDADE | ||
| 650 | _aDORMENCIA | ||
| 773 | 0 |
_tRevista Brasileira de Sementes (Brazil) _xISSN 0101-3122 _g(1980), v. 2(2) p. 29-32 _wBR8007729 |
|
| 909 |
_a202311 _bLúcia _c55 _dLúcia Elande |
||
| 942 |
_2AGRIS _n0 _cANA |
||
| 999 |
_c105363 _d105363 |
||